LEADER 00804nam0 2200229 450 001 000008477 005 20071107104630.0 100 $a20071106d1843----km-y0itay50------ba 101 0 $afre 102 $aFR 200 1 $aNotice sur les cartes célestes$edressées pour l'usage de la Marine$fpar Ch. Dien 210 $aParis$cchez l'auteur$d1843$gBachelier 215 $a36 p.$d22 cm 482 1$1001000008468$12001$aUsages des globes et de la sphère / perfectionnés par Ch. Dien$5UNIPARTHENOPE 620 $aFrancia$dParigi 676 $a520 (Astronomia)$v21 700 1$aDien,$bCharles$f<1809-1870>$0630597 801 0$aIT$bUNIPARTHENOPE$c20071106$gRICA$2UNIMARC 912 $a000008477 951 $aBORB-L-15/C$b1990 tris$cFB$d2007 996 $aNotice sur les cartes célestes$91204409 997 $aUNIPARTHENOPE